000 00595nam a22001937a 4500
005 20251108175305.0
008 250721s2003 xx 000 0 ara d
082 1 4 _a152.47/إيف
100 1 _aإيفانز، سيبل
245 1 0 _aمفاتيح الغضب كيف تفصل في النزاعات وتقوم بتهدئة الجميع /
264 1 _aالرياض :
_bمكتبة جرير،
_c2003.
300 _a288ص.
650 1 7 _aالعواطف
650 1 7 _aعلم النفس
650 1 7 _aالبغض
700 1 _aكوهين، شيري سوب
942 _2ddc
_cBK
999 _c130674
_d130674